Personnage de Star Wars : Qui est... ? - Statistiques

Statistiques générales
  • Ce quiz a été pris 145 fois
  • Le résultat moyen est 12 sur 15
Statistiques - réponses
Hint Réponse % Correct
Qui à tué Mace Windu ? Dark Sidious
97%
Qui tuera Palpatine dans le film 9 ? Rey
94%
Qui est le droïde de protocole ? C3PO
92%
Qui est l'oncle de Luke Skywalker ? Owen Lars
89%
Qui vaquera Anakin sur Mustafar ? Obi Wan Kenoboi
88%
Qui tirera sur Kylo Ren avec son arbalète laser dans le film 7 ? Chewbacca
81%
Comment s'appelle la planète sur laquelle il y a des Ewoks ? Endor
80%
A qui appartiendra Shmi et Anakin Skywalker comme esclave ? Watoo
78%
Qui est le / la jedi qui quittera l'ordre jedi avant l'ordre 66 ? Ahsoka
75%
Quel droïde accompagnera Anakin Skywalker dans son vaisseau dans le film 1 ? R2D2
75%
Qui coupera un membre d'Anakin sur Géonosis ? Dark Tyrannus
72%
Comment s'appelle la planète ou était caché Jango Fett dans le film 2 ? Kamino
71%
Qui ordonnera de tirer sur Obi Wan Kenobi durant l'ordre 66 ? Cody
67%
Qui mènera l'Aube Ecarlate dans l'ombre ? Dark Maul
55%
Qui reviendra durant la bataille finale sur Exegol ? Wedge
47%
Aucun quiz correspondant
Distribution des résultats
% des personnes avec chaque résultat
Percentile par nombre de réponses
Votre historique - résultats
Vous n’avez pas pris ce quiz